Statistics for Artists by Artwork #2

Click here to take the quiz!

General Stats

  • This quiz has been taken 29 times
  • The average score is 4 of 12

Answer Stats

Answer% Correct
Andy Warhol
84%
Pablo Picasso
76%
Jackson Pollock
72%
Johannes Vermeer
52%
Hokusai
20%
Jean-Honoré Fragonard
16%
Georges Seurat
12%
Alexander Calder
8%
Phidias
8%
Titian
8%
Yoko Ono
4%
Yaacov Agam
0%

Score Distribution

Percentile by Number Answered

Percent of People with Each Score

Your Score History

You have not taken this quiz